| 000 | 00341nam a2200121Ia 4500 | ||
|---|---|---|---|
| 008 | 210430s9999 xx 000 0 und d | ||
| 082 | _a621.437 M298 E | ||
| 100 |
_aA J Martyr _953702 |
||
| 245 |
_aEngine Testing Theory and Practice _cA J Martyr |
||
| 260 |
_aUK _bButterworth Heinemann Elsevier _c2007 |
||
| 300 | _a442p. | ||
| 942 |
_cBK _2ddc |
||
| 999 |
_c563872 _d563872 |
||